00498nam a2200157Ia 450000500170000000800410001708200130005810000150007124500460008626000400013230000180017250000360019094200060022695200930023299900150032520250121001749.0240331s9999 xx 000 0 und d bTOMa920 aTomalin, C 4aThe life and death of Mary Wollstonecraft aOntariobNew American Libraryc1974 aXvi, 312 p ., aMary Wollstonecraft's Biography cL 001040708LaWERCLbWERCLcSSCd2024-03-31l0o 920 TOMp46r2024-03-31w2024-03-31yL c3444d3444